Crime and corruption to good governance / (Record no. 124422)

MARC details
000 -LEADER
fixed length control field 00756nam a22002537a 4500
003 - CONTROL NUMBER IDENTIFIER
control field dpl
005 - DATE AND TIME OF LATEST TRANSACTION
control field 20170124105939.0
008 - FIXED-LENGTH DATA ELEMENTS--GENERAL INFORMATION
fixed length control field 161005b xxu||||| |||| 00| 0 eng d
010 ## - LIBRARY OF CONGRESS CONTROL NUMBER
LC control number A-948805
020 ## - INTERNATIONAL STANDARD BOOK NUMBER
Terms of availability 00.00
International Standard Book Number 8185565805
035 ## - SYSTEM CONTROL NUMBER
System control number A-948805
037 ## - SOURCE OF ACQUISITION
Source of stock number/acquisition Cen Lib/Ret
040 ## - CATALOGING SOURCE
Original cataloging agency DPL
Language of cataloging EN
Transcribing agency TIT
082 ## - DEWEY DECIMAL CLASSIFICATION NUMBER
Classification number 320.954
Edition number CRI
245 ## - TITLE STATEMENT
Title Crime and corruption to good governance /
Statement of responsibility, etc edited by Subhash C. Kashyap
260 ## - PUBLICATION, DISTRIBUTION, ETC. (IMPRINT)
Place of publication, distribution, etc New Delhi
Name of publisher, distributor, etc Uppal Publishing House
Date of publication, distribution, etc 1997
270 ## - ADDRESS
City New Delhi
Address 3, Ansari road, daryaganj
300 ## - PHYSICAL DESCRIPTION
Extent 178p.
Dimensions 21cm(Hb)
500 ## - GENERAL NOTE
General note Includes index
650 ## - SUBJECT ADDED ENTRY--TOPICAL TERM
Topical term or geographic name as entry element Law
9 (RLIN) 104
650 ## - SUBJECT ADDED ENTRY--TOPICAL TERM
Topical term or geographic name as entry element Crime and corruption
9 (RLIN) 105
700 ## - ADDED ENTRY--PERSONAL NAME
Personal name Kashyap, Subhash C.
9 (RLIN) 8440
942 ## - ADDED ENTRY ELEMENTS (KOHA)
Source of classification or shelving scheme Dewey Decimal Classification
Koha item type English Books
Classification part 320.954
Call number suffix CRI
Holdings
Withdrawn status Lost status Damaged status Not for loan Home library Current library Date acquired Source of acquisition Cost, normal purchase price Total Checkouts Full call number Barcode Date last seen Date checked out Copy number Cost, replacement price Price effective from Koha item type
        Central Library Central Library 16/06/2015 Cen Lib/Ret 0.00 1 320.954 CRI A-948805 30/01/2021 18/01/2021 1 0.00 16/06/2015 English Books

© Delhi Public Library
Hit Counter
free hit counter